| 000 | 00520nam a2200157Ia 4500 | ||
|---|---|---|---|
| 008 | 180925s9999 xx 000 0 und d | ||
| 020 | _a9780323354820 | ||
| 100 | _aTille,Patricia M. | ||
| 245 |
_cPatricia M. Tille.-- _aBailey & Scott's diagnostic microbiology / |
||
| 250 | _a14th ed | ||
| 260 |
_aUSA : _bElsevier _c2017 |
||
| 300 | _axviii, 1115 pages. | ||
| 500 | _aInlcudes bibliographical reference and indexes. | ||
| 650 | _aDiagnostic techniques and procedures. | ||
| 650 | _aMESH: Microbiological techniques. | ||
| 999 |
_c358844 _d358844 |
||